[Event "Dioscuri op 2nd"]
[Site "Agrigento"]
[Date "2009.11.15"]
[Round "4"]
[White "Caizzone, Vito"]
[Black "Amico, Rosario"]
[Result "1-0"]
[WhiteElo "2149"]
[BlackElo "1940"]
[PlyCount "73"]
[EventDate "2009.11.13"]
[EventType "swiss"]
[EventRounds "5"]
[EventCountry "ITA"]
[SourceTitle "EXT 2012"]
[Source "ChessBase"]
[SourceDate "2011.11.24"]
[SourceVersion "1"]
[SourceVersionDate "2011.11.24"]
[SourceQuality "1"]

1. e4 c5 2. Nf3 d6 3. d4 cxd4 4. Nxd4 Nf6 5. Nc3 g6 6. f3 Bg7 7. Be3 0-0 8. Be2 Nc6 9. Qd2 Bd7 10. 0-0 Rc8 11. Rad1 Ne5 12. b3 a6 13. Nd5 Nxd5 14. exd5 Qc7 15. h3 Be8 16. c4 Nd7 17. Rfe1 Nf6 18. Bd3 Bd7 19. Bf2 Rce8 20. Re2 e5 21. dxe6 fxe6 22. Nc2 Bc6 23. Ree1 Nh5 24. Be4 Bxe4 25. Rxe4 Be5 26. Bd4 Ng3 27. Ree1 Bxd4+ 28. Nxd4 e5 29. Ne2 Qc5+ 30. Kh2 Nf5 31. Qd5+ Qxd5 32. Rxd5 Rd8 33. Nc3 Nd4 34. Ne4 Rxf3 35. Rxd4 Rxh3+ 36. Kxh3 exd4 37. Rd1 1-0

[Event "Dioscuri op 2nd"]
[Site "Agrigento"]
[Date "2009.11.14"]
[Round "2"]
[White "Kizov, Atanas"]
[Black "Caizzone, Vito"]
[Result "1-0"]
[WhiteElo "2415"]
[BlackElo "2149"]
[PlyCount "93"]
[EventDate "2009.11.13"]
[EventType "swiss"]
[EventRounds "5"]
[EventCountry "ITA"]
[SourceTitle "EXT 2012"]
[Source "ChessBase"]
[SourceDate "2011.11.24"]
[SourceVersion "1"]
[SourceVersionDate "2011.11.24"]
[SourceQuality "1"]

1. d4 Nf6 2. c4 e6 3. Nf3 d5 4. g3 Be7 5. Bg2 0-0 6. 0-0 Nbd7 7. Qc2 c6 8. Nbd2 Qc7 9. e4 dxe4 10. Nxe4 Nxe4 11. Qxe4 b6 12. Bf4 Qd8 13. Qxc6 Ba6 14. b3 Rc8 15. Qa4 Bb7 16. Qxa7 Be4 17. Ne5 Nf6 18. Bxe4 Nxe4 19. Qb7 Nd6 20. Qf3 Nf5 21. Nc6 Nxd4 22. Nxd4 Qxd4 23. Rad1 Qf6 24. Kg2 Rc5 25. Bd6 Bxd6 26. Rxd6 Rf5 27. Qe3 h5 28. h4 g5 29. hxg5 Rxg5 30. Rh1 Kh7 31. Rxb6 Rfg8 32. Rb5 e5 33. Rb6 Qg7 34. Qf3 Rd8 35. Rxh5+ Rxh5 36. Qxh5+ Kg8 37. Qh4 Re8 38. Rd6 e4 39. Rd8 Qe5 40. Rxe8+ Qxe8 41. Qg5+ Kf8 42. a4 Qc6 43. Qd5 Qg6 44. a5 f5 45. c5 Qg4 46. Qd6+ Kf7 47. Qf4 1-0

[Event "Amantea op-A 7th"]
[Site "Amantea"]
[Date "2009.09.01"]
[Round "2"]
[White "Caizzone, Vito"]
[Black "Schiappoli, Dario"]
[Result "1-0"]
[WhiteElo "2062"]
[BlackElo "1982"]
[PlyCount "51"]
[EventDate "2009.08.31"]
[EventType "swiss"]
[EventRounds "9"]
[EventCountry "ITA"]
[SourceTitle "CBM 132 Extra"]
[Source "ChessBase"]
[SourceDate "2009.11.03"]
[SourceVersion "1"]
[SourceVersionDate "2009.11.03"]
[SourceQuality "1"]

1. d4 Nf6 2. c4 c5 3. Nf3 cxd4 4. Nxd4 e5 5. Nb5 Qb6 6. Be3 Bc5 7. Bxc5 Qxc5 8. N1c3 0-0 9. e3 Nc6 10. Qd2 d5 11. cxd5 Nb4 12. e4 a6 13. Na3 b5 14. Be2 Ng4 15. 0-0 f5 16. Bxg4 fxg4 17. Rac1 Qd6 18. Nc2 Nxc2 19. Rxc2 Bd7 20. Ne2 b4 21. Rfc1 Qf6 22. Ng3 Qg6 23. Rc7 Bb5 24. d6 Rad8 25. Nf5 Bd7 26. Ne7+ 1-0